BC/BCE Events - Sudden Death - Statistics

General Stats
  • This quiz has been taken 210 times
  • The average score is 4 of 7
Answers on the Grid
Answers color-coded by a green-red scale on the quiz's grid according to % correct below.
Alfred the Great becomes King
Armenia adopts Christianity
Charlemagne becomes King of the Franks
Cleopatra as Queen of Egypt
Code of Hammurabi written
Commodus becomes Emperor
Crucifixion of Jesus Christ
Death of Spartacus
Emperor Ashoka reigns in India
Emperor Claudius orders invasion of Britannia
First Ancient Olympic Games
Genghis Khan becomes Khan of the Mongols
Great Pyramid of Giza completed
Norse settlers settle in Iceland
Polynesians become first to settle in New Zealand
The Hundred Years' War
The Magna Carta signed
The Punic Wars
Three Kingdoms period of China
Vandals sack Rome
Vesuvius eruption destroys Pompeii
 
Answer Stats
Answer % Correct
Cleopatra as Queen of Egypt
75%
Code of Hammurabi written
68%
First Ancient Olympic Games
59%
Great Pyramid of Giza completed
55%
The Punic Wars
48%
Death of Spartacus
39%
Emperor Ashoka reigns in India
18%
No matching quizzes found
Score Distribution
Percent of People with Each Score
Percentile by Number Answered
Your Score History
You have not taken this quiz